|
|
|
|
| LEADER |
00000nam a22000007a 4500 |
| 005 |
20220411234635.0 |
| 007 |
cr|||| |||| |
| 008 |
220411c19679999us |||||s|||| 00||0 eng d |
| 022 |
|
|
|a 0275-0740
|
| 035 |
|
|
|a 33770
|
| 040 |
|
|
|a vLex
|
| 090 |
|
|
|c 13167
|d 13167
|
| 245 |
0 |
0 |
|a American Review of Public Administration, The
|h [Recurso electrn̤ico] /
|
| 256 |
|
|
|a Servicio en ln̕ea
|
| 260 |
|
|
|a Nueva York:
|b Sage Publications, Inc.,
|c 1967 -
|
| 300 |
|
|
|a 1 recurso electrn̤ico
|
| 310 |
|
|
|a Bimestral
|
| 362 |
|
|
|a Nð 1-1 (Feb. 1967) -
|
| 506 |
1 |
|
|a Disponible solo en los productos indicados
|d vLex Global
|d vLex Global (Academic Edition, excluding Law Schools)
|d vLex Global (Academic Edition, Law Schools)
|
| 650 |
0 |
4 |
|a Derecho Constitucional
|z Estados Unidos
|
| 740 |
0 |
|
|a vLex Revistas (Servicio en ln̕ea)
|
| 856 |
4 |
0 |
|u https://app.vlex.com/#/sources/33770
|z Acceso restringido
|
| 942 |
|
|
|c REV
|
| 999 |
0 |
|
|a Constitutional right
|